| 000 | 00368nam a2200121Ia 4500 | ||
|---|---|---|---|
| 008 | 220620s9999||||xx |||||||||||||| ||und|| | ||
| 245 | 0 | _aAdvances in Service Robotics | |
| 546 | _aEnglish[eng] | ||
| 650 | _aAutomatic control engineering | ||
| 700 | _aSeok Ahn, Ho | ||
| 856 | _uhttps://mts.intechopen.com/storage/books/3687/authors_book/authors_book.pdf | ||
| 942 | _cEB | ||
| 999 |
_c34198 _d34198 |
||